000 00301nam a2200121Ia 4500
005 20251222142014.0
008 251222s9999||||xx |||||||||||||| ||spa||
020 _a978-607-7652-10-6
082 _a741.6/A57
245 0 _aEl Bicentenario a la Luz del Diseño
264 _bGrupo Infagón
942 _cLIB
999 _c10414
_d10414